Breeding from your bitch
| Main Author: | |
|---|---|
| Format: | Book |
| Published: |
Wiltshire :
The Crowood Press ,
2019
|
| Subjects: |
MARC
| LEADER | 00000cam a2200000 7i4500 | ||
|---|---|---|---|
| 001 | 0000089503 | ||
| 005 | 20230125162543.0 | ||
| 008 | 220619 | ||
| 020 | |a 9781785006531 | ||
| 041 | 0 | |a English | |
| 090 | 0 | 0 | |a 636.7 |b BUC |
| 100 | 1 | |a Buckwell, Tony | |
| 245 | 1 | 0 | |a Breeding from your bitch |c Tony Buckwell |
| 260 | |a Wiltshire : |b The Crowood Press , |c 2019 | ||
| 300 | |a 112 p. : |b ill., col. ; |c 25.1 cm. | ||
| 541 | |c Purchased on 2021 |f 00299 TSR |h RM120.35 | ||
| 650 | 0 | |a Breeding |x Dogs | |
| 650 | 0 | |a Dogs | |
| 999 | |a 0001685148 |b Book |c Adult Collection |e Perbadanan Perpustakaan Awam Johor | ||